<?xml version="1.0" encoding="UTF-8"?>
<record
    xmlns:xsi="http://www.w3.org/2001/XMLSchema-instance"
    xsi:schemaLocation="http://www.loc.gov/MARC21/slim http://www.loc.gov/standards/marcxml/schema/MARC21slim.xsd"
    xmlns="http://www.loc.gov/MARC21/slim">

  <leader>01536nam a22003257a 4500</leader>
  <controlfield tag="005">20150605105047.0</controlfield>
  <controlfield tag="008">150219b        xxu||||| |||| 00| 0 hin d</controlfield>
  <datafield tag="010" ind1=" " ind2=" ">
    <subfield code="a">2015BACHN16     HIN-105818</subfield>
  </datafield>
  <datafield tag="020" ind1=" " ind2=" ">
    <subfield code="a">9788120348844</subfield>
    <subfield code="c">325.00</subfield>
  </datafield>
  <datafield tag="035" ind1=" " ind2=" ">
    <subfield code="a">HN-78164</subfield>
  </datafield>
  <datafield tag="035" ind1=" " ind2=" ">
    <subfield code="a">B-595682-708</subfield>
  </datafield>
  <datafield tag="037" ind1=" " ind2=" ">
    <subfield code="b"> pragati       </subfield>
  </datafield>
  <datafield tag="037" ind1=" " ind2=" ">
    <subfield code="b">DBAD / PUB </subfield>
  </datafield>
  <datafield tag="040" ind1=" " ind2=" ">
    <subfield code="a">DPL</subfield>
    <subfield code="b">HN</subfield>
  </datafield>
  <datafield tag="082" ind1=" " ind2=" ">
    <subfield code="a">324.54</subfield>
  </datafield>
  <datafield tag="082" ind1=" " ind2=" ">
    <subfield code="a">342.54</subfield>
  </datafield>
  <datafield tag="100" ind1=" " ind2=" ">
    <subfield code="a">&#x936;&#x930;&#x94D;&#x92E;&#x93E;, &#x92C;&#x94D;&#x930;&#x91C;&#x915;&#x93F;&#x936;&#x94B;&#x930;</subfield>
  </datafield>
  <datafield tag="245" ind1=" " ind2=" ">
    <subfield code="a">&#x92D;&#x93E;&#x930;&#x924; &#x915;&#x93E; &#x938;&#x902;&#x935;&#x93F;&#x927;&#x93E;&#x928;&#x903; &#x90F;&#x915; &#x92A;&#x930;&#x93F;&#x91A;&#x92F;  / </subfield>
    <subfield code="c">&#x92C;&#x94D;&#x930;&#x91C;&#x915;&#x93F;&#x936;&#x94B;&#x930; &#x936;&#x930;&#x94D;&#x92E;&#x93E; </subfield>
  </datafield>
  <datafield tag="246" ind1=" " ind2=" ">
    <subfield code="a">Bhaarata kaa samvidhaana:eka parichaya </subfield>
    <subfield code="b">by Brijkishor Sharma </subfield>
  </datafield>
  <datafield tag="250" ind1=" " ind2=" ">
    <subfield code="a">10&#x935;&#x93E;&#x902;  &#x938;&#x902;&#x938;&#x94D;&#x915;.</subfield>
  </datafield>
  <datafield tag="260" ind1=" " ind2=" ">
    <subfield code="a">&#x928;&#x908; &#x926;&#x93F;&#x932;&#x94D;&#x932;&#x940;</subfield>
    <subfield code="b">&#x92A;&#x940;&#x90F;&#x91A;&#x906;&#x908; &#x932;&#x930;&#x94D;&#x928;&#x93F;&#x902;&#x917; </subfield>
    <subfield code="c">2014 </subfield>
  </datafield>
  <datafield tag="270" ind1=" " ind2=" ">
    <subfield code="a">&#x930;&#x93F;&#x92E;&#x91D;&#x93F;&#x92E; &#x939;&#x93E;&#x909;&#x938; 111, &#x92A;&#x921;&#x93C;&#x92A;&#x921;&#x94D;&#x917;&#x902;&#x91C; &#x907;&#x902;&#x921;&#x938;&#x94D;&#x91F;&#x94D;&#x930;&#x93F;&#x92F;&#x932; &#x90F;&#x938;&#x94D;&#x91F;&#x947;&#x91F; </subfield>
    <subfield code="b">&#x928;&#x908; &#x926;&#x93F;&#x932;&#x94D;&#x932;&#x940;</subfield>
    <subfield code="e">110092</subfield>
  </datafield>
  <datafield tag="300" ind1=" " ind2=" ">
    <subfield code="a">xli ,465 &#x92A;&#x943;.</subfield>
    <subfield code="c">24 &#x938;&#x947;&#x92E;&#x940; ( &#x905;&#x91C;&#x93F;&#x932;&#x94D;&#x926;) </subfield>
  </datafield>
  <datafield tag="650" ind1=" " ind2=" ">
    <subfield code="a">&#x938;&#x902;&#x935;&#x93F;&#x927;&#x93E;&#x928;</subfield>
    <subfield code="z">&#x92D;&#x93E;&#x930;&#x924;</subfield>
  </datafield>
  <datafield tag="650" ind1=" " ind2=" ">
    <subfield code="a">Constitution </subfield>
    <subfield code="z">India</subfield>
  </datafield>
  <datafield tag="650" ind1=" " ind2=" ">
    <subfield code="a">&#x938;&#x902;&#x935;&#x93F;&#x927;&#x93E;&#x928;&#x93F;&#x915; &#x915;&#x93E;&#x928;&#x942;&#x928;</subfield>
    <subfield code="z">&#x92D;&#x93E;&#x930;&#x924;</subfield>
  </datafield>
  <datafield tag="650" ind1=" " ind2=" ">
    <subfield code="a">Constitutional law </subfield>
    <subfield code="z">India</subfield>
  </datafield>
  <datafield tag="942" ind1=" " ind2=" ">
    <subfield code="2">ddc</subfield>
    <subfield code="c">HN</subfield>
    <subfield code="h">342.54</subfield>
    <subfield code="m">&#x936;&#x930;&#x94D;&#x92E;&#x93E;&#x92C;&#x94D;&#x930;</subfield>
  </datafield>
  <datafield tag="999" ind1=" " ind2=" ">
    <subfield code="c">91615</subfield>
    <subfield code="d">91615</subfield>
  </datafield>
  <datafield tag="952" ind1=" " ind2=" ">
    <subfield code="0">0</subfield>
    <subfield code="1">0</subfield>
    <subfield code="2">ddc</subfield>
    <subfield code="4">0</subfield>
    <subfield code="7">0</subfield>
    <subfield code="8">NFIC</subfield>
    <subfield code="a">L</subfield>
    <subfield code="b">L</subfield>
    <subfield code="d">2015-05-01</subfield>
    <subfield code="e">&#x92A;&#x94D;&#x930;&#x917;&#x924;&#x93F; &#x92A;&#x92C;&#x94D;&#x932;&#x93F;&#x915;&#x947;&#x936;&#x928;&#x94D;&#x938;/86/19.3.15/261/16.3.15/24.3.15</subfield>
    <subfield code="g">325.00</subfield>
    <subfield code="l">35</subfield>
    <subfield code="m">6</subfield>
    <subfield code="o">324.54 &#x936;&#x930;&#x94D;&#x92E;&#x93E;&#x92C;&#x94D;&#x930;</subfield>
    <subfield code="p">B-595682</subfield>
    <subfield code="r">2022-09-19 00:00:00</subfield>
    <subfield code="s">2022-09-05</subfield>
    <subfield code="t">1</subfield>
    <subfield code="v">325.00</subfield>
    <subfield code="y">HN</subfield>
  </datafield>
  <datafield tag="952" ind1=" " ind2=" ">
    <subfield code="0">0</subfield>
    <subfield code="1">0</subfield>
    <subfield code="2">ddc</subfield>
    <subfield code="4">0</subfield>
    <subfield code="7">1</subfield>
    <subfield code="8">REF</subfield>
    <subfield code="a">L</subfield>
    <subfield code="b">L</subfield>
    <subfield code="d">2015-05-01</subfield>
    <subfield code="e">&#x92A;&#x94D;&#x930;&#x917;&#x924;&#x93F; &#x92A;&#x92C;&#x94D;&#x932;&#x93F;&#x915;&#x947;&#x936;&#x928;&#x94D;&#x938;/86/19.3.15/261/16.3.15/24.3.15</subfield>
    <subfield code="g">325.00</subfield>
    <subfield code="l">0</subfield>
    <subfield code="o">324.54 &#x936;&#x930;&#x94D;&#x92E;&#x93E;&#x92C;&#x94D;&#x930;</subfield>
    <subfield code="p">B-595683</subfield>
    <subfield code="r">2015-05-01 00:00:00</subfield>
    <subfield code="t">1</subfield>
    <subfield code="v">325.00</subfield>
    <subfield code="y">HN</subfield>
  </datafield>
  <datafield tag="952" ind1=" " ind2=" ">
    <subfield code="0">0</subfield>
    <subfield code="1">0</subfield>
    <subfield code="2">ddc</subfield>
    <subfield code="4">0</subfield>
    <subfield code="7">0</subfield>
    <subfield code="8">NFIC</subfield>
    <subfield code="a">M</subfield>
    <subfield code="b">M</subfield>
    <subfield code="d">2015-05-01</subfield>
    <subfield code="e">&#x92A;&#x94D;&#x930;&#x917;&#x924;&#x93F; &#x92A;&#x92C;&#x94D;&#x932;&#x93F;&#x915;&#x947;&#x936;&#x928;&#x94D;&#x938;/86/19.3.15/261/16.3.15/24.3.15</subfield>
    <subfield code="g">325.00</subfield>
    <subfield code="l">0</subfield>
    <subfield code="o">324.54 &#x936;&#x930;&#x94D;&#x92E;&#x93E;&#x92C;&#x94D;&#x930;</subfield>
    <subfield code="p">B-595684</subfield>
    <subfield code="r">2015-05-01 00:00:00</subfield>
    <subfield code="t">4</subfield>
    <subfield code="v">325.00</subfield>
    <subfield code="y">HN</subfield>
  </datafield>
  <datafield tag="952" ind1=" " ind2=" ">
    <subfield code="0">0</subfield>
    <subfield code="1">0</subfield>
    <subfield code="2">ddc</subfield>
    <subfield code="4">0</subfield>
    <subfield code="7">0</subfield>
    <subfield code="8">NFIC</subfield>
    <subfield code="a">M</subfield>
    <subfield code="b">M</subfield>
    <subfield code="d">2015-05-01</subfield>
    <subfield code="e">&#x92A;&#x94D;&#x930;&#x917;&#x924;&#x93F; &#x92A;&#x92C;&#x94D;&#x932;&#x93F;&#x915;&#x947;&#x936;&#x928;&#x94D;&#x938;/86/19.3.15/261/16.3.15/24.3.15</subfield>
    <subfield code="g">325.00</subfield>
    <subfield code="l">0</subfield>
    <subfield code="o">324.54 &#x936;&#x930;&#x94D;&#x92E;&#x93E;&#x92C;&#x94D;&#x930;</subfield>
    <subfield code="p">B-595685</subfield>
    <subfield code="r">2015-05-01 00:00:00</subfield>
    <subfield code="t">4</subfield>
    <subfield code="v">325.00</subfield>
    <subfield code="y">HN</subfield>
  </datafield>
  <datafield tag="952" ind1=" " ind2=" ">
    <subfield code="0">0</subfield>
    <subfield code="1">0</subfield>
    <subfield code="2">ddc</subfield>
    <subfield code="4">0</subfield>
    <subfield code="7">0</subfield>
    <subfield code="8">NFIC</subfield>
    <subfield code="a">M</subfield>
    <subfield code="b">M</subfield>
    <subfield code="d">2015-05-01</subfield>
    <subfield code="e">&#x92A;&#x94D;&#x930;&#x917;&#x924;&#x93F; &#x92A;&#x92C;&#x94D;&#x932;&#x93F;&#x915;&#x947;&#x936;&#x928;&#x94D;&#x938;/86/19.3.15/261/16.3.15/24.3.15</subfield>
    <subfield code="g">325.00</subfield>
    <subfield code="l">0</subfield>
    <subfield code="o">324.54 &#x936;&#x930;&#x94D;&#x92E;&#x93E;&#x92C;&#x94D;&#x930;</subfield>
    <subfield code="p">B-595686</subfield>
    <subfield code="r">2015-05-01 00:00:00</subfield>
    <subfield code="t">4</subfield>
    <subfield code="v">325.00</subfield>
    <subfield code="y">HN</subfield>
  </datafield>
  <datafield tag="952" ind1=" " ind2=" ">
    <subfield code="0">0</subfield>
    <subfield code="1">0</subfield>
    <subfield code="2">ddc</subfield>
    <subfield code="4">0</subfield>
    <subfield code="7">0</subfield>
    <subfield code="8">NFIC</subfield>
    <subfield code="a">M</subfield>
    <subfield code="b">M</subfield>
    <subfield code="d">2015-05-01</subfield>
    <subfield code="e">&#x92A;&#x94D;&#x930;&#x917;&#x924;&#x93F; &#x92A;&#x92C;&#x94D;&#x932;&#x93F;&#x915;&#x947;&#x936;&#x928;&#x94D;&#x938;/86/19.3.15/261/16.3.15/24.3.15</subfield>
    <subfield code="g">325.00</subfield>
    <subfield code="l">0</subfield>
    <subfield code="o">324.54 &#x936;&#x930;&#x94D;&#x92E;&#x93E;&#x92C;&#x94D;&#x930;</subfield>
    <subfield code="p">B-595687</subfield>
    <subfield code="r">2015-05-01 00:00:00</subfield>
    <subfield code="t">4</subfield>
    <subfield code="v">325.00</subfield>
    <subfield code="y">HN</subfield>
  </datafield>
  <datafield tag="952" ind1=" " ind2=" ">
    <subfield code="0">0</subfield>
    <subfield code="1">0</subfield>
    <subfield code="2">ddc</subfield>
    <subfield code="4">0</subfield>
    <subfield code="7">0</subfield>
    <subfield code="8">NFIC</subfield>
    <subfield code="a">NPL</subfield>
    <subfield code="b">NPL</subfield>
    <subfield code="d">2015-05-01</subfield>
    <subfield code="e">&#x92A;&#x94D;&#x930;&#x917;&#x924;&#x93F; &#x92A;&#x92C;&#x94D;&#x932;&#x93F;&#x915;&#x947;&#x936;&#x928;&#x94D;&#x938;/86/19.3.15/261/16.3.15/24.3.15</subfield>
    <subfield code="g">325.00</subfield>
    <subfield code="l">0</subfield>
    <subfield code="o">324.54 &#x936;&#x930;&#x94D;&#x92E;&#x93E;&#x92C;&#x94D;&#x930;</subfield>
    <subfield code="p">B-595688</subfield>
    <subfield code="r">2015-05-01 00:00:00</subfield>
    <subfield code="t">1</subfield>
    <subfield code="v">325.00</subfield>
    <subfield code="y">HN</subfield>
  </datafield>
  <datafield tag="952" ind1=" " ind2=" ">
    <subfield code="0">0</subfield>
    <subfield code="1">5</subfield>
    <subfield code="2">ddc</subfield>
    <subfield code="4">0</subfield>
    <subfield code="7">0</subfield>
    <subfield code="8">NFIC</subfield>
    <subfield code="a">BL1</subfield>
    <subfield code="b">BL1</subfield>
    <subfield code="d">2015-05-01</subfield>
    <subfield code="e">&#x92A;&#x94D;&#x930;&#x917;&#x924;&#x93F; &#x92A;&#x92C;&#x94D;&#x932;&#x93F;&#x915;&#x947;&#x936;&#x928;&#x94D;&#x938;/86/19.3.15/261/16.3.15/24.3.15</subfield>
    <subfield code="g">325.00</subfield>
    <subfield code="l">0</subfield>
    <subfield code="o">324.54 &#x936;&#x930;&#x94D;&#x92E;&#x93E;&#x92C;&#x94D;&#x930;</subfield>
    <subfield code="p">B-595689</subfield>
    <subfield code="r">2015-05-01 00:00:00</subfield>
    <subfield code="t">1</subfield>
    <subfield code="v">325.00</subfield>
    <subfield code="y">HN</subfield>
  </datafield>
  <datafield tag="952" ind1=" " ind2=" ">
    <subfield code="0">0</subfield>
    <subfield code="1">0</subfield>
    <subfield code="2">ddc</subfield>
    <subfield code="4">0</subfield>
    <subfield code="7">0</subfield>
    <subfield code="8">NFIC</subfield>
    <subfield code="a">KGM</subfield>
    <subfield code="b">KGM</subfield>
    <subfield code="d">2015-05-01</subfield>
    <subfield code="e">&#x92A;&#x94D;&#x930;&#x917;&#x924;&#x93F; &#x92A;&#x92C;&#x94D;&#x932;&#x93F;&#x915;&#x947;&#x936;&#x928;&#x94D;&#x938;/86/19.3.15/261/16.3.15/24.3.15</subfield>
    <subfield code="g">325.00</subfield>
    <subfield code="l">1</subfield>
    <subfield code="o">324.54 &#x936;&#x930;&#x94D;&#x92E;&#x93E;&#x92C;&#x94D;&#x930;</subfield>
    <subfield code="p">B-595690</subfield>
    <subfield code="r">2025-05-29 00:00:00</subfield>
    <subfield code="s">2025-05-13</subfield>
    <subfield code="t">1</subfield>
    <subfield code="v">325.00</subfield>
    <subfield code="y">HN</subfield>
  </datafield>
  <datafield tag="952" ind1=" " ind2=" ">
    <subfield code="0">0</subfield>
    <subfield code="1">0</subfield>
    <subfield code="2">ddc</subfield>
    <subfield code="4">0</subfield>
    <subfield code="7">0</subfield>
    <subfield code="8">NFIC</subfield>
    <subfield code="a">PR</subfield>
    <subfield code="b">PR</subfield>
    <subfield code="d">2015-05-01</subfield>
    <subfield code="e">&#x92A;&#x94D;&#x930;&#x917;&#x924;&#x93F; &#x92A;&#x92C;&#x94D;&#x932;&#x93F;&#x915;&#x947;&#x936;&#x928;&#x94D;&#x938;/86/19.3.15/261/16.3.15/24.3.15</subfield>
    <subfield code="g">325.00</subfield>
    <subfield code="l">27</subfield>
    <subfield code="m">5</subfield>
    <subfield code="o">324.54 &#x936;&#x930;&#x94D;&#x92E;&#x93E;&#x92C;&#x94D;&#x930;</subfield>
    <subfield code="p">B-595691</subfield>
    <subfield code="r">2024-06-21 00:00:00</subfield>
    <subfield code="s">2024-06-04</subfield>
    <subfield code="t">1</subfield>
    <subfield code="v">325.00</subfield>
    <subfield code="y">HN</subfield>
  </datafield>
  <datafield tag="952" ind1=" " ind2=" ">
    <subfield code="0">0</subfield>
    <subfield code="1">0</subfield>
    <subfield code="2">ddc</subfield>
    <subfield code="4">0</subfield>
    <subfield code="7">0</subfield>
    <subfield code="8">NFIC</subfield>
    <subfield code="a">TN</subfield>
    <subfield code="b">TN</subfield>
    <subfield code="d">2015-05-01</subfield>
    <subfield code="e">&#x92A;&#x94D;&#x930;&#x917;&#x924;&#x93F; &#x92A;&#x92C;&#x94D;&#x932;&#x93F;&#x915;&#x947;&#x936;&#x928;&#x94D;&#x938;/86/19.3.15/261/16.3.15/24.3.15</subfield>
    <subfield code="g">325.00</subfield>
    <subfield code="l">10</subfield>
    <subfield code="m">4</subfield>
    <subfield code="o">324.54 &#x936;&#x930;&#x94D;&#x92E;&#x93E;&#x92C;&#x94D;&#x930;</subfield>
    <subfield code="p">B-595692</subfield>
    <subfield code="r">2023-06-09 00:00:00</subfield>
    <subfield code="s">2023-05-25</subfield>
    <subfield code="t">1</subfield>
    <subfield code="v">325.00</subfield>
    <subfield code="y">HN</subfield>
  </datafield>
  <datafield tag="952" ind1=" " ind2=" ">
    <subfield code="0">0</subfield>
    <subfield code="1">0</subfield>
    <subfield code="2">ddc</subfield>
    <subfield code="4">0</subfield>
    <subfield code="7">0</subfield>
    <subfield code="8">NFIC</subfield>
    <subfield code="a">DIZ</subfield>
    <subfield code="b">DIZ</subfield>
    <subfield code="d">2015-05-01</subfield>
    <subfield code="e">&#x92A;&#x94D;&#x930;&#x917;&#x924;&#x93F; &#x92A;&#x92C;&#x94D;&#x932;&#x93F;&#x915;&#x947;&#x936;&#x928;&#x94D;&#x938;/86/19.3.15/261/16.3.15/24.3.15</subfield>
    <subfield code="g">325.00</subfield>
    <subfield code="l">1</subfield>
    <subfield code="m">1</subfield>
    <subfield code="o">324.54 &#x936;&#x930;&#x94D;&#x92E;&#x93E;&#x92C;&#x94D;&#x930;</subfield>
    <subfield code="p">B-595693</subfield>
    <subfield code="r">2021-03-27 00:00:00</subfield>
    <subfield code="s">2021-03-20</subfield>
    <subfield code="t">1</subfield>
    <subfield code="v">325.00</subfield>
    <subfield code="y">HN</subfield>
  </datafield>
  <datafield tag="952" ind1=" " ind2=" ">
    <subfield code="0">0</subfield>
    <subfield code="1">0</subfield>
    <subfield code="2">ddc</subfield>
    <subfield code="4">0</subfield>
    <subfield code="7">0</subfield>
    <subfield code="8">NFIC</subfield>
    <subfield code="a">JP</subfield>
    <subfield code="b">JP</subfield>
    <subfield code="d">2015-05-01</subfield>
    <subfield code="e">&#x92A;&#x94D;&#x930;&#x917;&#x924;&#x93F; &#x92A;&#x92C;&#x94D;&#x932;&#x93F;&#x915;&#x947;&#x936;&#x928;&#x94D;&#x938;/86/19.3.15/261/16.3.15/24.3.15</subfield>
    <subfield code="g">325.00</subfield>
    <subfield code="l">25</subfield>
    <subfield code="m">7</subfield>
    <subfield code="o">324.54 &#x936;&#x930;&#x94D;&#x92E;&#x93E;&#x92C;&#x94D;&#x930;</subfield>
    <subfield code="p">B-595694</subfield>
    <subfield code="r">2018-10-25 00:00:00</subfield>
    <subfield code="s">2018-10-13</subfield>
    <subfield code="t">1</subfield>
    <subfield code="v">325.00</subfield>
    <subfield code="y">HN</subfield>
  </datafield>
  <datafield tag="952" ind1=" " ind2=" ">
    <subfield code="0">0</subfield>
    <subfield code="1">0</subfield>
    <subfield code="2">ddc</subfield>
    <subfield code="4">0</subfield>
    <subfield code="7">0</subfield>
    <subfield code="8">NFIC</subfield>
    <subfield code="a">ZLS</subfield>
    <subfield code="b">ZLS</subfield>
    <subfield code="d">2015-05-01</subfield>
    <subfield code="e">&#x92A;&#x94D;&#x930;&#x917;&#x924;&#x93F; &#x92A;&#x92C;&#x94D;&#x932;&#x93F;&#x915;&#x947;&#x936;&#x928;&#x94D;&#x938;/86/19.3.15/261/16.3.15/24.3.15</subfield>
    <subfield code="g">325.00</subfield>
    <subfield code="l">12</subfield>
    <subfield code="m">4</subfield>
    <subfield code="o">324.54 &#x936;&#x930;&#x94D;&#x92E;&#x93E;&#x92C;&#x94D;&#x930;</subfield>
    <subfield code="p">B-595695</subfield>
    <subfield code="r">2022-06-25 00:00:00</subfield>
    <subfield code="s">2022-05-21</subfield>
    <subfield code="t">1</subfield>
    <subfield code="v">325.00</subfield>
    <subfield code="y">HN</subfield>
  </datafield>
  <datafield tag="952" ind1=" " ind2=" ">
    <subfield code="0">0</subfield>
    <subfield code="1">0</subfield>
    <subfield code="2">ddc</subfield>
    <subfield code="4">0</subfield>
    <subfield code="7">0</subfield>
    <subfield code="8">NFIC</subfield>
    <subfield code="a">RKP</subfield>
    <subfield code="b">RKP</subfield>
    <subfield code="d">2015-05-01</subfield>
    <subfield code="e">&#x92A;&#x94D;&#x930;&#x917;&#x924;&#x93F; &#x92A;&#x92C;&#x94D;&#x932;&#x93F;&#x915;&#x947;&#x936;&#x928;&#x94D;&#x938;/86/19.3.15/261/16.3.15/24.3.15</subfield>
    <subfield code="g">325.00</subfield>
    <subfield code="l">0</subfield>
    <subfield code="o">324.54 &#x936;&#x930;&#x94D;&#x92E;&#x93E;&#x92C;&#x94D;&#x930;</subfield>
    <subfield code="p">B-595696</subfield>
    <subfield code="r">2015-05-01 00:00:00</subfield>
    <subfield code="t">1</subfield>
    <subfield code="v">325.00</subfield>
    <subfield code="y">HN</subfield>
  </datafield>
  <datafield tag="952" ind1=" " ind2=" ">
    <subfield code="0">0</subfield>
    <subfield code="1">0</subfield>
    <subfield code="2">ddc</subfield>
    <subfield code="4">0</subfield>
    <subfield code="7">0</subfield>
    <subfield code="8">NFIC</subfield>
    <subfield code="a">AG</subfield>
    <subfield code="b">AG</subfield>
    <subfield code="d">2015-05-01</subfield>
    <subfield code="e">&#x92A;&#x94D;&#x930;&#x917;&#x924;&#x93F; &#x92A;&#x92C;&#x94D;&#x932;&#x93F;&#x915;&#x947;&#x936;&#x928;&#x94D;&#x938;/86/19.3.15/261/16.3.15/24.3.15</subfield>
    <subfield code="g">325.00</subfield>
    <subfield code="l">11</subfield>
    <subfield code="m">2</subfield>
    <subfield code="o">324.54 &#x936;&#x930;&#x94D;&#x92E;&#x93E;&#x92C;&#x94D;&#x930;</subfield>
    <subfield code="p">B-595697</subfield>
    <subfield code="r">2025-04-29 00:00:00</subfield>
    <subfield code="s">2025-04-23</subfield>
    <subfield code="t">1</subfield>
    <subfield code="v">325.00</subfield>
    <subfield code="y">HN</subfield>
  </datafield>
  <datafield tag="952" ind1=" " ind2=" ">
    <subfield code="0">0</subfield>
    <subfield code="1">0</subfield>
    <subfield code="2">ddc</subfield>
    <subfield code="4">0</subfield>
    <subfield code="7">0</subfield>
    <subfield code="8">NFIC</subfield>
    <subfield code="a">RC</subfield>
    <subfield code="b">RC</subfield>
    <subfield code="d">2015-05-01</subfield>
    <subfield code="e">&#x92A;&#x94D;&#x930;&#x917;&#x924;&#x93F; &#x92A;&#x92C;&#x94D;&#x932;&#x93F;&#x915;&#x947;&#x936;&#x928;&#x94D;&#x938;/86/19.3.15/261/16.3.15/24.3.15</subfield>
    <subfield code="g">325.00</subfield>
    <subfield code="l">12</subfield>
    <subfield code="m">2</subfield>
    <subfield code="o">324.54 &#x936;&#x930;&#x94D;&#x92E;&#x93E;&#x92C;&#x94D;&#x930;</subfield>
    <subfield code="p">B-595698</subfield>
    <subfield code="r">2026-04-02 00:00:00</subfield>
    <subfield code="s">2026-04-02</subfield>
    <subfield code="t">1</subfield>
    <subfield code="v">325.00</subfield>
    <subfield code="y">HN</subfield>
  </datafield>
  <datafield tag="952" ind1=" " ind2=" ">
    <subfield code="0">0</subfield>
    <subfield code="1">0</subfield>
    <subfield code="2">ddc</subfield>
    <subfield code="4">0</subfield>
    <subfield code="7">0</subfield>
    <subfield code="8">NFIC</subfield>
    <subfield code="a">ZLS</subfield>
    <subfield code="b">ZLS</subfield>
    <subfield code="d">2015-05-01</subfield>
    <subfield code="e">&#x92A;&#x94D;&#x930;&#x917;&#x924;&#x93F; &#x92A;&#x92C;&#x94D;&#x932;&#x93F;&#x915;&#x947;&#x936;&#x928;&#x94D;&#x938;/86/19.3.15/261/16.3.15/24.3.15</subfield>
    <subfield code="g">325.00</subfield>
    <subfield code="l">4</subfield>
    <subfield code="m">1</subfield>
    <subfield code="o">324.54 &#x936;&#x930;&#x94D;&#x92E;&#x93E;&#x92C;&#x94D;&#x930;</subfield>
    <subfield code="p">B-595699</subfield>
    <subfield code="r">2022-11-07 00:00:00</subfield>
    <subfield code="s">2022-10-26</subfield>
    <subfield code="t">1</subfield>
    <subfield code="v">325.00</subfield>
    <subfield code="y">HN</subfield>
  </datafield>
  <datafield tag="952" ind1=" " ind2=" ">
    <subfield code="0">0</subfield>
    <subfield code="1">0</subfield>
    <subfield code="2">ddc</subfield>
    <subfield code="4">0</subfield>
    <subfield code="7">0</subfield>
    <subfield code="8">NFIC</subfield>
    <subfield code="a">VP</subfield>
    <subfield code="b">VP</subfield>
    <subfield code="d">2015-05-01</subfield>
    <subfield code="e">&#x92A;&#x94D;&#x930;&#x917;&#x924;&#x93F; &#x92A;&#x92C;&#x94D;&#x932;&#x93F;&#x915;&#x947;&#x936;&#x928;&#x94D;&#x938;/86/19.3.15/261/16.3.15/24.3.15</subfield>
    <subfield code="g">325.00</subfield>
    <subfield code="l">15</subfield>
    <subfield code="m">6</subfield>
    <subfield code="o">324.54 &#x936;&#x930;&#x94D;&#x92E;&#x93E;&#x92C;&#x94D;&#x930;</subfield>
    <subfield code="p">B-595700</subfield>
    <subfield code="r">2023-08-29 00:00:00</subfield>
    <subfield code="s">2023-08-08</subfield>
    <subfield code="t">1</subfield>
    <subfield code="v">325.00</subfield>
    <subfield code="y">HN</subfield>
  </datafield>
  <datafield tag="952" ind1=" " ind2=" ">
    <subfield code="0">0</subfield>
    <subfield code="1">0</subfield>
    <subfield code="2">ddc</subfield>
    <subfield code="4">0</subfield>
    <subfield code="7">0</subfield>
    <subfield code="8">NFIC</subfield>
    <subfield code="a">BN</subfield>
    <subfield code="b">BN</subfield>
    <subfield code="d">2015-05-01</subfield>
    <subfield code="e">&#x92A;&#x94D;&#x930;&#x917;&#x924;&#x93F; &#x92A;&#x92C;&#x94D;&#x932;&#x93F;&#x915;&#x947;&#x936;&#x928;&#x94D;&#x938;/86/19.3.15/261/16.3.15/24.3.15</subfield>
    <subfield code="g">325.00</subfield>
    <subfield code="l">20</subfield>
    <subfield code="m">4</subfield>
    <subfield code="o">324.54 &#x936;&#x930;&#x94D;&#x92E;&#x93E;&#x92C;&#x94D;&#x930;</subfield>
    <subfield code="p">B-595701</subfield>
    <subfield code="r">2023-07-05 00:00:00</subfield>
    <subfield code="s">2023-06-05</subfield>
    <subfield code="t">1</subfield>
    <subfield code="v">325.00</subfield>
    <subfield code="y">HN</subfield>
  </datafield>
  <datafield tag="952" ind1=" " ind2=" ">
    <subfield code="0">0</subfield>
    <subfield code="1">0</subfield>
    <subfield code="2">ddc</subfield>
    <subfield code="4">0</subfield>
    <subfield code="7">0</subfield>
    <subfield code="8">NFIC</subfield>
    <subfield code="a">NRR</subfield>
    <subfield code="b">NRR</subfield>
    <subfield code="d">2015-05-01</subfield>
    <subfield code="e">&#x92A;&#x94D;&#x930;&#x917;&#x924;&#x93F; &#x92A;&#x92C;&#x94D;&#x932;&#x93F;&#x915;&#x947;&#x936;&#x928;&#x94D;&#x938;/86/19.3.15/261/16.3.15/24.3.15</subfield>
    <subfield code="g">325.00</subfield>
    <subfield code="l">4</subfield>
    <subfield code="m">1</subfield>
    <subfield code="o">324.54 &#x936;&#x930;&#x94D;&#x92E;&#x93E;&#x92C;&#x94D;&#x930;</subfield>
    <subfield code="p">B-595702</subfield>
    <subfield code="r">2023-01-07 00:00:00</subfield>
    <subfield code="s">2022-12-27</subfield>
    <subfield code="t">1</subfield>
    <subfield code="v">325.00</subfield>
    <subfield code="y">HN</subfield>
  </datafield>
  <datafield tag="952" ind1=" " ind2=" ">
    <subfield code="0">0</subfield>
    <subfield code="1">0</subfield>
    <subfield code="2">ddc</subfield>
    <subfield code="4">0</subfield>
    <subfield code="7">0</subfield>
    <subfield code="8">NFIC</subfield>
    <subfield code="a">BKK</subfield>
    <subfield code="b">BKK</subfield>
    <subfield code="d">2015-05-01</subfield>
    <subfield code="e">&#x92A;&#x94D;&#x930;&#x917;&#x924;&#x93F; &#x92A;&#x92C;&#x94D;&#x932;&#x93F;&#x915;&#x947;&#x936;&#x928;&#x94D;&#x938;/86/19.3.15/261/16.3.15/24.3.15</subfield>
    <subfield code="g">325.00</subfield>
    <subfield code="l">6</subfield>
    <subfield code="o">324.54 &#x936;&#x930;&#x94D;&#x92E;&#x93E;&#x92C;&#x94D;&#x930;</subfield>
    <subfield code="p">B-595703</subfield>
    <subfield code="r">2022-09-26 00:00:00</subfield>
    <subfield code="s">2022-09-09</subfield>
    <subfield code="t">1</subfield>
    <subfield code="v">325.00</subfield>
    <subfield code="y">HN</subfield>
  </datafield>
  <datafield tag="952" ind1=" " ind2=" ">
    <subfield code="0">0</subfield>
    <subfield code="1">0</subfield>
    <subfield code="2">ddc</subfield>
    <subfield code="4">0</subfield>
    <subfield code="7">0</subfield>
    <subfield code="8">NFIC</subfield>
    <subfield code="a">NR</subfield>
    <subfield code="b">NR</subfield>
    <subfield code="d">2015-05-01</subfield>
    <subfield code="e">&#x92A;&#x94D;&#x930;&#x917;&#x924;&#x93F; &#x92A;&#x92C;&#x94D;&#x932;&#x93F;&#x915;&#x947;&#x936;&#x928;&#x94D;&#x938;/86/19.3.15/261/16.3.15/24.3.15</subfield>
    <subfield code="g">325.00</subfield>
    <subfield code="l">0</subfield>
    <subfield code="o">324.54 &#x936;&#x930;&#x94D;&#x92E;&#x93E;&#x92C;&#x94D;&#x930;</subfield>
    <subfield code="p">B-595704</subfield>
    <subfield code="r">2015-05-01 00:00:00</subfield>
    <subfield code="t">1</subfield>
    <subfield code="v">325.00</subfield>
    <subfield code="y">HN</subfield>
  </datafield>
  <datafield tag="952" ind1=" " ind2=" ">
    <subfield code="0">0</subfield>
    <subfield code="1">0</subfield>
    <subfield code="2">ddc</subfield>
    <subfield code="4">0</subfield>
    <subfield code="7">0</subfield>
    <subfield code="8">NFIC</subfield>
    <subfield code="a">BN</subfield>
    <subfield code="b">BN</subfield>
    <subfield code="d">2015-05-01</subfield>
    <subfield code="e">&#x92A;&#x94D;&#x930;&#x917;&#x924;&#x93F; &#x92A;&#x92C;&#x94D;&#x932;&#x93F;&#x915;&#x947;&#x936;&#x928;&#x94D;&#x938;/86/19.3.15/261/16.3.15/24.3.15</subfield>
    <subfield code="g">325.00</subfield>
    <subfield code="l">20</subfield>
    <subfield code="m">0</subfield>
    <subfield code="o">324.54 &#x936;&#x930;&#x94D;&#x92E;&#x93E;&#x92C;&#x94D;&#x930;</subfield>
    <subfield code="p">B-595705</subfield>
    <subfield code="r">2025-06-23 00:00:00</subfield>
    <subfield code="s">2025-06-02</subfield>
    <subfield code="t">1</subfield>
    <subfield code="v">325.00</subfield>
    <subfield code="y">HN</subfield>
  </datafield>
  <datafield tag="952" ind1=" " ind2=" ">
    <subfield code="0">0</subfield>
    <subfield code="1">3</subfield>
    <subfield code="2">ddc</subfield>
    <subfield code="4">0</subfield>
    <subfield code="7">0</subfield>
    <subfield code="8">NFIC</subfield>
    <subfield code="a">BL4</subfield>
    <subfield code="b">BL4</subfield>
    <subfield code="d">2015-05-01</subfield>
    <subfield code="e">&#x92A;&#x94D;&#x930;&#x917;&#x924;&#x93F; &#x92A;&#x92C;&#x94D;&#x932;&#x93F;&#x915;&#x947;&#x936;&#x928;&#x94D;&#x938;/86/19.3.15/261/16.3.15/24.3.15</subfield>
    <subfield code="g">325.00</subfield>
    <subfield code="l">0</subfield>
    <subfield code="o">324.54 &#x936;&#x930;&#x94D;&#x92E;&#x93E;&#x92C;&#x94D;&#x930;</subfield>
    <subfield code="p">B-595706</subfield>
    <subfield code="r">2015-05-01 00:00:00</subfield>
    <subfield code="t">1</subfield>
    <subfield code="v">325.00</subfield>
    <subfield code="y">HN</subfield>
  </datafield>
  <datafield tag="952" ind1=" " ind2=" ">
    <subfield code="0">0</subfield>
    <subfield code="1">0</subfield>
    <subfield code="2">ddc</subfield>
    <subfield code="4">0</subfield>
    <subfield code="7">0</subfield>
    <subfield code="8">NFIC</subfield>
    <subfield code="a">YV</subfield>
    <subfield code="b">YV</subfield>
    <subfield code="d">2015-05-01</subfield>
    <subfield code="e">&#x92A;&#x94D;&#x930;&#x917;&#x924;&#x93F; &#x92A;&#x92C;&#x94D;&#x932;&#x93F;&#x915;&#x947;&#x936;&#x928;&#x94D;&#x938;/86/19.3.15/261/16.3.15/24.3.15</subfield>
    <subfield code="g">325.00</subfield>
    <subfield code="l">6</subfield>
    <subfield code="m">7</subfield>
    <subfield code="o">324.54 &#x936;&#x930;&#x94D;&#x92E;&#x93E;&#x92C;&#x94D;&#x930;</subfield>
    <subfield code="p">B-595707</subfield>
    <subfield code="r">2024-02-06 00:00:00</subfield>
    <subfield code="s">2024-02-06</subfield>
    <subfield code="t">1</subfield>
    <subfield code="v">325.00</subfield>
    <subfield code="y">HN</subfield>
  </datafield>
  <datafield tag="952" ind1=" " ind2=" ">
    <subfield code="0">0</subfield>
    <subfield code="1">0</subfield>
    <subfield code="2">ddc</subfield>
    <subfield code="4">0</subfield>
    <subfield code="7">0</subfield>
    <subfield code="8">NFIC</subfield>
    <subfield code="a">RC4</subfield>
    <subfield code="b">RC4</subfield>
    <subfield code="d">2015-05-01</subfield>
    <subfield code="e">&#x92A;&#x94D;&#x930;&#x917;&#x924;&#x93F; &#x92A;&#x92C;&#x94D;&#x932;&#x93F;&#x915;&#x947;&#x936;&#x928;&#x94D;&#x938;/86/19.3.15/261/16.3.15/24.3.15</subfield>
    <subfield code="g">325.00</subfield>
    <subfield code="l">2</subfield>
    <subfield code="m">1</subfield>
    <subfield code="o">324.54 &#x936;&#x930;&#x94D;&#x92E;&#x93E;&#x92C;&#x94D;&#x930;</subfield>
    <subfield code="p">B-595708</subfield>
    <subfield code="r">2021-03-22 00:00:00</subfield>
    <subfield code="s">2020-07-31</subfield>
    <subfield code="t">1</subfield>
    <subfield code="v">325.00</subfield>
    <subfield code="y">HN</subfield>
  </datafield>
  <datafield tag="952" ind1=" " ind2=" ">
    <subfield code="0">0</subfield>
    <subfield code="1">0</subfield>
    <subfield code="2">ddc</subfield>
    <subfield code="4">0</subfield>
    <subfield code="7">1</subfield>
    <subfield code="8">NFIC</subfield>
    <subfield code="a">DBAD</subfield>
    <subfield code="b">DBAD</subfield>
    <subfield code="d">2015-06-05</subfield>
    <subfield code="e">DBAD / PUB</subfield>
    <subfield code="g">325.00</subfield>
    <subfield code="l">0</subfield>
    <subfield code="o">342.54 &#x936;&#x930;&#x94D;&#x92E;&#x93E;&#x92C;&#x94D;&#x930;</subfield>
    <subfield code="p">HN-78164</subfield>
    <subfield code="r">2015-06-05 00:00:00</subfield>
    <subfield code="t">1</subfield>
    <subfield code="v">325.00</subfield>
    <subfield code="w">2015-06-05</subfield>
    <subfield code="y">HN</subfield>
  </datafield>
</record>
